000
00248 a2200097 4500
001
30861
100
_a
Muhammad Amir Shah Qadrey
245
_a
Tazkara Ulmah-o-Meshaikh Serhad
260
_a
Peshawar
_b
Azim Publishing House
_c
090
_c
20758
_d
20758
942
_a
NUST-CAE
_c
M
_c
11956
999
_c
265934
_d
265934